[Event "Avoine op 36th"]
[Site "Avoine"]
[Date "2022.07.25"]
[Round "3"]
[White "Genand, Theo"]
[Black "Debray, Christopher"]
[Result "0-1"]
[WhiteElo "1934"]
[BlackElo "2381"]
[PlyCount "84"]
[EventDate "2022.07.23"]
[EventType "swiss"]
[EventRounds "9"]
[EventCountry "FRA"]
[SourceTitle "CBM 209 Extra"]
[Source "ChessBase"]
[SourceDate "2022.09.30"]
[SourceVersion "1"]
[SourceVersionDate "2022.09.30"]
[SourceQuality "1"]

1. d4 d5 2. c4 e6 3. Nc3 Nf6 4. cxd5 exd5 5. Bg5 c6 6. e3 Be6 7. Bd3 Nbd7 8. Nge2 h6 9. Bh4 g5 10. Bg3 Nh5 11. Qc2 Nxg3 12. Nxg3 h5 13. 0-0-0 h4 14. Nf5 Qa5 15. Rhe1 0-0-0 16. Kb1 Kb8 17. f3 Nb6 18. g4 h3 19. Bf1 Bb4 20. e4 dxe4 21. fxe4 Bxa2+ 22. Nxa2 Bxe1 23. e5 Nd5 24. Bc4 Bh4 25. Bxd5 Qxd5 26. Nd6 Rxd6 27. Nc3 Qe6 28. exd6 Qxd6 29. Rf1 Re8 30. Ka2 Re1 31. Rxe1 Bxe1 32. Qe4 Bxc3 33. Qe8+ Kc7 34. Qxf7+ Qd7 35. Qxd7+ Kxd7 36. bxc3 Kd6 37. Kb3 c5 38. Kc4 cxd4 39. Kxd4 b5 40. Ke4 a5 41. Kd3 Kd5 42. Kd2 Ke5 0-1

[Event "Angers op 15th"]
[Site "Angers"]
[Date "2022.05.29"]
[Round "6"]
[White "Genand, Theo"]
[Black "Barbu Ion, Cosmin"]
[Result "1-0"]
[WhiteElo "1908"]
[BlackElo "1832"]
[PlyCount "111"]
[EventDate "2022.05.27"]
[EventType "swiss"]
[EventRounds "6"]
[EventCountry "FRA"]
[SourceTitle "CBM 208 Extra"]
[Source "ChessBase"]
[SourceDate "2022.07.31"]
[SourceVersion "1"]
[SourceVersionDate "2022.07.31"]
[SourceQuality "1"]

1. d4 Nf6 2. c4 c5 3. d5 e6 4. Nc3 exd5 5. cxd5 d6 6. Nf3 g6 7. Nd2 Nbd7 8. e4 Bg7 9. Be2 0-0 10. 0-0 Re8 11. Qc2 a6 12. a4 Qc7 13. Nc4 Ne5 14. Na3 Rb8 15. h3 Kh8 16. Bf4 h6 17. Bg3 g5 18. f4 gxf4 19. Rxf4 Rg8 20. Raf1 Nfd7 21. Bh5 f6 22. Bh4 Qd8 23. Qd2 Rf8 24. Ne2 b5 25. Ng3 b4 26. Nb1 Kh7 27. Nf5 Nc4 28. Qe2 Nde5 29. Nxg7 Kxg7 30. Bxf6+ Rxf6 31. Rxf6 Qxf6 32. Rxf6 Kxf6 33. b3 Na5 34. Qf2+ Kg7 35. Be2 Rb6 36. Nd2 Bd7 37. Nf3 Nxf3+ 38. Qxf3 Be8 39. Qg3+ Kf8 40. Qf4+ Kg7 41. Qg4+ Kf8 42. Qe6 Nxb3 43. Bg4 Nd4 44. Qxh6+ Kg8 45. Qg5+ Kf8 46. Bh5 Rb8 47. Qf6+ Kg8 48. Qxd6 Bxh5 49. Qxb8+ Kh7 50. Qc7+ Kh6 51. Qxc5 Ne2+ 52. Kh2 a5 53. g4 Nf4 54. Qd6+ Kg5 55. Qe5+ Kh4 56. Qf6# 1-0

[Event "Angers op 15th"]
[Site "Angers"]
[Date "2022.05.28"]
[Round "3"]
[White "Allard Nedellec, Guilhem"]
[Black "Genand, Theo"]
[Result "1-0"]
[WhiteElo "1915"]
[BlackElo "1908"]
[PlyCount "101"]
[EventDate "2022.05.27"]
[EventType "swiss"]
[EventRounds "6"]
[EventCountry "FRA"]
[SourceTitle "CBM 208 Extra"]
[Source "ChessBase"]
[SourceDate "2022.07.31"]
[SourceVersion "1"]
[SourceVersionDate "2022.07.31"]
[SourceQuality "1"]

1. e4 e5 2. Nf3 Nc6 3. Nc3 Nf6 4. Bb5 Bb4 5. 0-0 0-0 6. d3 d6 7. Bg5 Bxc3 8. bxc3 Qe7 9. Re1 Nd8 10. d4 Ne6 11. Bc1 c6 12. Bd3 Qc7 13. g3 Re8 14. Bf1 c5 15. Bb2 Nf8 16. Nd2 Ng6 17. Bg2 c4 18. Nf1 Rb8 19. Rb1 b5 20. a3 Bb7 21. f3 d5 22. dxe5 Nxe5 23. f4 Neg4 24. e5 Qc5+ 25. Qd4 Qxd4+ 26. cxd4 Ne4 27. Bxe4 dxe4 28. h3 Nh6 29. Ne3 Rbd8 30. Bc3 a6 31. Red1 Bd5 32. Kf2 f6 33. g4 Nf7 34. Nxd5 Rxd5 35. Ke3 Rd7 36. Kxe4 Nd6+ 37. Kf3 Nc8 38. d5 fxe5 39. fxe5 Ne7 40. Ke4 Red8 41. d6 Nc6 42. Rf1 Re8 43. Kd5 Nd8 44. Rbe1 Ne6 45. Ba5 Rb7 46. c3 h6 47. Kc6 Ra7 48. d7 Nd8+ 49. Bxd8 Rxd8 50. e6 a5 51. e7 1-0

[Event "Agneaux St Lo op 18th"]
[Site "Agneaux"]
[Date "2017.07.13"]
[Round "7.5"]
[White "Genand, Theo"]
[Black "Mirza, Diana"]
[Result "1/2-1/2"]
[WhiteElo "1742"]
[BlackElo "1919"]
[PlyCount "79"]
[EventDate "2017.07.08"]
[EventType "swiss"]
[EventRounds "9"]
[EventCountry "FRA"]
[SourceTitle "EXT 2020"]
[Source "ChessBase"]
[SourceDate "2019.10.17"]
[SourceVersion "1"]
[SourceVersionDate "2019.10.17"]
[SourceQuality "1"]

1. d4 Nf6 2. c4 g6 3. Nc3 Bg7 4. e4 d6 5. f3 0-0 6. Nge2 c5 7. d5 Nbd7 8. Ng3 Rb8 9. Be2 a6 10. 0-0 Ne8 11. a4 Bd4+ 12. Kh1 h5 13. Bd3 Ne5 14. Nge2 Nxd3 15. Qxd3 Bg7 16. Be3 Bd7 17. Rfe1 b5 18. axb5 axb5 19. cxb5 Nc7 20. Qd2 Kh7 21. Ra2 Nxb5 22. f4 f5 23. e5 dxe5 24. fxe5 Bxe5 25. Bxc5 Bd6 26. Bxd6 Nxd6 27. Nf4 Rb4 28. Ne6 Bxe6 29. Rxe6 Rf6 30. Rxf6 exf6 31. Ra7+ Rb7 32. Qe3 Qd7 33. Rxb7 Qxb7 34. h4 Kg7 35. Qe6 Qb4 36. Qe7+ Kh6 37. Qf8+ Kh7 38. Qe7+ Kh6 39. Qf8+ Kh7 40. Qe7+ 1/2-1/2

[Event "Agneaux St Lo op 18th"]
[Site "Agneaux"]
[Date "2017.07.11"]
[Round "4.5"]
[White "Durup De Baleine, Come"]
[Black "Genand, Theo"]
[Result "0-1"]
[WhiteElo "1346"]
[BlackElo "1742"]
[PlyCount "124"]
[EventDate "2017.07.08"]
[EventType "swiss"]
[EventRounds "9"]
[EventCountry "FRA"]
[SourceTitle "EXT 2020"]
[Source "ChessBase"]
[SourceDate "2019.10.17"]
[SourceVersion "1"]
[SourceVersionDate "2019.10.17"]
[SourceQuality "1"]

1. e4 c6 2. Nc3 d5 3. exd5 cxd5 4. d4 Nc6 5. Nf3 g6 6. Bf4 a6 7. Be2 Bg7 8. 0-0 Nh6 9. h3 f6 10. Re1 Nf7 11. b3 0-0 12. Na4 e5 13. Be3 e4 14. Nh2 f5 15. c4 dxc4 16. Bxc4 Bxd4 17. Bh6 Bxa1 18. Qxa1 Qd4 19. Qxd4 Nxd4 20. Bxf8 Kxf8 21. Nb6 Rb8 22. Rd1 Nc6 23. Nf1 Nfe5 24. Bd5 Ke7 25. Ne3 Be6 26. Kf1 Rd8 27. a3 Nd3 28. f3 Nf4 29. fxe4 fxe4 30. Bxe4 Rxd1+ 31. Nxd1 Bxb3 32. Ne3 Kd6 33. Bxc6 Kxc6 34. Nc8 Nd5 35. Nxd5 Bxd5 36. Ne7+ Kd6 37. Nc8+ Kc7 38. Ne7 Be6 39. Ke2 Kd7 40. Nxg6 hxg6 41. h4 Bg4+ 42. Ke3 Kd6 43. Kf4 Bf5 44. g4 Bc2 45. Kg5 Kc5 46. a4 Kb4 47. h5 gxh5 48. gxh5 Kxa4 49. h6 b5 50. h7 Bxh7 51. Kf4 Ka3 52. Ke3 b4 53. Kd2 b3 54. Kc1 b2+ 55. Kd2 b1Q 56. Ke2 Qd3+ 57. Kf2 Bg8 58. Ke1 Qc2 59. Kf1 Bd5 60. Ke1 Bf3 61. Kf1 Qe2+ 62. Kg1 Qg2# 0-1